000 00759nam a22002177a 4500
005 20250424123104.0
010 _aB-767226-239 BACEN25
020 _a9789356742635
_c425.00
035 _aB-767226-239
037 _bUDH
082 _a363.34
100 _aR Subramanian
_980845
245 _aDisaster Management/
_cby R Subramanian
250 _a2
260 _aNoida
_bVikas Publishing House
_c2024
270 _aE-28, Sector 8,
_bNoida (UP)
_e201301
300 _axx,354p.:
_c23cm(pb)
500 _aIncludes index
942 _2ddc
_cEN
_h363.34
_mSUB
999 _c209130
_d209130